000 00958nam a2200289 i 4500
003 DO-SdBNP
005 20260203124822.0
007 ta
008 240624b2010 dr ||||| |||| 00| 0 spa d
020 _a9789945854756
040 _aDO-SdBNP
_bspa
_cBNPHU
_erda
082 4 _a158.1
_bH632n, 2010
_222
100 1 _aHidalgo, Saulo,
_9386
_eautor
245 1 0 _aNo te rindas! :
_binspiración, en días de desesperación
_cSaulo Hidalgo ; corrección, Miriam Gutiérrez
264 4 _aSanto Domingo :
_bSerigraf,
_c@ 2010.
300 _a264 páginas ;
_c22 cm.
336 _2rdacontent
_atexto
_btxt
337 _2rdamedia
_asin mediación
_bn
338 _2rdacarrier
_avolumen
_bnc
500 _aIncluye datos biográficos en la última página
590 _aInventariado, 2024/BT
650 0 _aAutorrealización (Psicología)
_9211
650 7 _aAutoestima
_9212
_2LIBRUNAM
650 0 _aConducta de vida
_911947
910 _aBtavárez
942 _2ddc
_cLBS1
999 _c56938
_d56938